[Event "MCR_KT17"]
[Site "?"]
[Date "2005.??.??"]
[Round "?"]
[White "Lucan, Zdenko"]
[Black "Svoboda, Josef"]
[Result "1/2-1/2"]
[WhiteElo "1559"]
[BlackElo "1782"]
[PlyCount "88"]
[EventDate "2005.??.??"]
[EventType "corr"]
[EventRounds "2"]
[SourceDate "2006.01.09"]

1. Nf3 Nf6 2. c4 e6 3. g3 d5 4. Bg2 dxc4 5. Qa4+ Nbd7 6. Qxc4 c5 7. Qc2 Rb8 8.
d3 Bd6 9. Bg5 h6 10. Bxf6 Qxf6 11. Nbd2 Bc7 12. Qc3 O-O 13. Qxf6 Nxf6 14. Nc4
b5 15. Nce5 Bb7 16. O-O Rbd8 17. Rac1 Bd6 18. h3 Bd5 19. a3 Bb7 20. g4 Nd5 21.
d4 Nf4 22. Rc2 Be4 23. Rd2 Bxe5 24. dxe5 Rxd2 25. Nxd2 Bxg2 26. Re1 Rd8 27. Nf3
Bxf3 28. exf3 Nxh3+ 29. Kg2 Nf4+ 30. Kg3 Nd3 31. Rd1 Nxe5 32. Rxd8+ Kh7 33. Ra8
Kg6 34. Rxa7 Nd3 35. b3 Nc1 36. Rb7 Nxb3 37. Rxb5 c4 38. a4 Nd4 39. Rc5 c3 40.
Kg2 c2 41. a5 Nb3 42. Rxc2 Nxa5 43. f4 Nb3 44. Rc3 Nd4 1/2-1/2

[Event "MCR_KT17"]
[Site "?"]
[Date "2005.??.??"]
[Round "?"]
[White "Vlcek, Alois"]
[Black "Zabrodsky, Zdenek"]
[Result "1-0"]
[WhiteElo "1812"]
[BlackElo "1728"]
[PlyCount "81"]
[EventDate "2005.??.??"]
[EventType "corr"]
[EventRounds "2"]
[SourceDate "2006.01.09"]

1. e4 e5 2. Bc4 Nf6 3. d3 Nc6 4. Nf3 h6 5. Be3 Bb4+ 6. c3 Be7 7. Nh4 d5 8. exd5
Nxd5 9. Nf3 Bg4 10. h3 Bh5 11. g4 Bg6 12. Bb5 Bf6 13. Bxc6+ bxc6 14. Bc5 Nf4
15. Kf1 Bxd3+ 16. Kg1 Qd5 17. Be3 Be2 18. Qxd5 cxd5 19. Ne1 g5 20. Bxf4 gxf4
21. Nd2 e4 22. f3 e3 23. Rh2 Bb5 24. Nb3 Bh4 25. a4 Bd7 26. Nd3 Bg3 27. Re2 f6
28. Nd2 h5 29. Kg2 hxg4 30. fxg4 Kf7 31. Nf1 d4 32. Nxg3 Bc6+ 33. Kh2 fxg3+ 34.
Kxg3 f5 35. Ne5+ Kf6 36. Nxc6 fxg4 37. hxg4 dxc3 38. b4 Rhe8 39. Rf1+ Kg7 40.
Rc1 a6 41. Rxc3 1-0

[Event "MCR_KT17"]
[Site "?"]
[Date "2005.??.??"]
[Round "?"]
[White "Pressl, Ladislav"]
[Black "Krizek, Alex"]
[Result "0-1"]
[WhiteElo "1918"]
[BlackElo "1600"]
[PlyCount "82"]
[EventDate "2005.??.??"]
[EventType "corr"]
[EventRounds "2"]
[SourceDate "2006.01.09"]

1. d4 d5 2. c4 c6 3. Nf3 Nf6 4. Nc3 e6 5. Bg5 h6 6. Bxf6 Qxf6 7. e3 Bd6 8. Bd3
Nd7 9. O-O O-O 10. Re1 Bb4 11. cxd5 exd5 12. Qc2 Re8 13. a3 Be7 14. e4 dxe4 15.
Nxe4 Qf4 16. Re3 Nb6 17. Rae1 Nd5 18. R3e2 Bg4 19. Ned2 Be6 20. Re4 Qc7 21. Ne5
Bf5 22. R4e2 Bxd3 23. Nxd3 Red8 24. Ne4 Nf6 25. Nec5 Bd6 26. Ne5 Bf8 27. Qc3
Rd5 28. b4 a5 29. bxa5 Rxa5 30. Nc4 Ra8 31. Ne3 Rh5 32. Nf1 b6 33. Ng3 Rh4 34.
Nce4 Nd5 35. Qc4 b5 36. Qc2 Rxa3 37. Nf1 Ra4 38. Qd3 Rg4 39. Qf3 Qf4 40. Qd3
Ra3 41. Qc2 Rxg2+ 0-1